¿Por qué nos amenazan?

محفوظ في:
التفاصيل البيبلوغرافية
التنسيق: نص
الوسوم: إضافة وسم
لا توجد وسوم, كن أول من يضع وسما على هذه التسجيلة!

MARC

LEADER 00000 a a2200000 04500
001 42599
003
040
245 |a ¿Por qué nos amenazan?  
773 |g volumen25, número1108 ( , 2004), páginas 4-6  
999 |c 33412  |d 33412